La premiere guerre mondiale 2. 1916 - 1918

Bibliographic Details
Format: Book
Language:English
PhysicalDescription:334 s.
Published: [s.l.] [s.n.] 1977

MARC

LEADER 00000nam a2200000 a 4500
001 vtls010279788
003 SK-MaSNL
005 20260224170324.0
008 110519 000 0 eng
040 |a SNK  |b slo  |c SNK  |e AACR2 
245 1 |a La premiere guerre mondiale 2.  |b 1916 - 1918 
260 |a [s.l.]  |b [s.n.]  |c 1977 
300 |a 334 s. 
999 |c 1092921  |d 1094851 
952 |a SNK  |b SNK  |y VYP  |7 0  |p 17A0699947  |o snkIB 42807/2  |i snkZK 64/80  |8 4  |3 rekatalogizácia  |0 0  |1 0  |4 0  |d 2011-05-19  |l 0  |r 2026-02-24 17:03:24  |w 2026-02-24